Electrical power / (Record no. 324)

000 -LEADER
fixed length control field 00448 a2200169 4500
008 - FIXED-LENGTH DATA ELEMENTS--GENERAL INFORMATION
fixed length control field 221214b ||||| |||| 00| 0 eng d
020 ## - INTERNATIONAL STANDARD BOOK NUMBER
International Standard Book Number 9788174092380
082 00 - DEWEY DECIMAL CLASSIFICATION NUMBER
Classification number 621.31
Item number U681
100 ## - MAIN ENTRY--PERSONAL NAME
Personal name Uppal, S. L.
245 ## - TITLE STATEMENT
Title Electrical power /
250 ## - EDITION STATEMENT
Edition statement 15th ed.
260 ## - PUBLICATION, DISTRIBUTION, ETC. (IMPRINT)
Place of publication, distribution, etc Delhi:
Name of publisher, distributor, etc Khanna Publishers,
Date of publication, distribution, etc 2015.
300 ## - PHYSICAL DESCRIPTION
Extent xxx, 1556 p.
650 #0 - SUBJECT ADDED ENTRY--TOPICAL TERM
Topical term or geographic name as entry element Electrical Engineering
700 ## - ADDED ENTRY--PERSONAL NAME
9 (RLIN) 1436
Personal name Rao, S.
942 ## - ADDED ENTRY ELEMENTS (KOHA)
Source of classification or shelving scheme
Item type Books
Holdings
Withdrawn status Lost status Source of classification or shelving scheme Damaged status Not for loan Permanent location Current location Date acquired Source of acquisition Cost, normal purchase price Total Checkouts Full call number Barcode Date last seen Date last borrowed Cost, replacement price Koha item type
          IMU Kolkata IMU Kolkata 2017-03-21 Sterling Book House 467.50 1 621.31 U681 12139 2023-04-26 2023-03-22 550.00 Books
          IMU Kolkata IMU Kolkata 2017-03-21 Sterling Book House 467.50   621.31 U681 12140 2019-09-26   550.00 Books
          IMU Kolkata IMU Kolkata 2017-03-21 Sterling Book House 467.50   621.31 U681 12141 2019-09-26   550.00 Books
          IMU Kolkata IMU Kolkata 2017-03-21 Sterling Book House 467.50   621.31 U681 12142 2019-09-26   550.00 Books
          IMU Kolkata IMU Kolkata 2017-03-21 Sterling Book House 467.50   621.31 U681 12143 2019-09-26   550.00 Books
Designed and Maintained by IMU-KC Library, Kolkata Campus © Copyright All Rights Reserved

webs counters

Powered by Koha